| 000 | 00863nam a22002177a 4500 | ||
|---|---|---|---|
| 005 | 20240530110622.0 | ||
| 008 | 161224s2015 ua o g b 000 0 ara d | ||
| 017 |
_a2014/19563 _bمصر. دار الكتب |
||
| 020 | _a9789777352208 | ||
| 040 |
_aEG-CaGPL _cEG-CaGPL |
||
| 082 | 0 | 4 |
_221 _a362.73\ _bح ب |
| 100 | 0 | _aحنان عبدالغفار عطية . | |
| 245 | 0 | 2 |
_aالبروفيل النفسى للامهات البديلة : _bدراسة كلينيكية / _cحنان عبدالغفار عطية . |
| 250 | _aط.1 | ||
| 260 |
_aالاسكندرية : _bدار الوفاء لدنيا الطباعة و النشر ، _c2015 . |
||
| 300 |
_a245 ص : _bصور ؛ _c24 سم . |
||
| 504 | _aببليوجرافية : ص 189 - 209 | ||
| 650 | 0 | 7 |
_2qrmak _aالامهات البديلة . |
| 942 |
_2ddc _cBK |
||
| 999 |
_c63072 _d63072 |
||